000 00481nam a2200181Ia 4500
005 20250508151914.0
008 008 250505s9999 xx 000 0 eng d
037 _aTextual
040 _aFEDL
_beng
_cFEDL
041 _aeng
_2eng
084 _a364.3, FIN
_qFEDL
100 _aFine Benjamin
245 0 _a1, 000, 000 delinquents
260 _aLondon, UK
_bVictor Gollancz Ltd.
_c1956
300 _a377p
942 _cTEXL
_h364.3, FIN
999 _c1332853
_d1332853